000 00664cam a22002053a 4500
001 44891
003 PGUSA
005 20140828084026.0
008 140213s2014||||xxu|||||s|||||000 | eng d
040 _aPGUSA
_beng
042 _adc
100 1 _aWilmot, John
245 1 4 _aThe Works of the Right Honourable John Earl of Rochester :
_bConsisting of Satires, Songs, Translations, and other Occasional Poems
_h[electronic resource] /
_cJohn Wilmot
260 _bProject Gutenberg,
_c2014
506 _aPublic domain in the USA.
516 _aElectronic text
830 0 _aProject Gutenberg
_v44891
856 4 0 _uhttp://www.gutenberg.org/ebooks/44891
942 _cEB
999 _c274142
_d274142